[Event "North Bay int U2200"]
[Site "North Bay CAN"]
[Date "1998.08.05"]
[Round "1"]
[White "Gagnon, Fabien"]
[Black "Brice, Ron"]
[Result "1-0"]
[WhiteElo "2071"]
[BlackElo "2191"]
[PlyCount "99"]
[GameId "2160767911806800"]
[EventDate "1998.08.04"]
[EventType "swiss"]
[EventRounds "9"]
[EventCountry "CAN"]

1. e4 c5 2. Nf3 d6 3. Bb5+ Nc6 4. O-O Bd7 5. c3 Nf6 6. Re1 a6 7. Ba4 b5 8. Bc2 e5 9. h3 Be7 10. d3 O-O 11. Nbd2 Qc7 12. Nf1 Rfb8 13. Ne3 b4 14. Nd5 Qd8 15. Nxe7+ Qxe7 16. Bg5 h6 17. Bh4 Rb6 18. d4 Na5 19. dxc5 dxc5 20. cxb4 Rd6 21. Qc1 cxb4 22. b3 Rc8 23. Qb2 Nc6 24. Red1 Be8 25. Rxd6 Qxd6 26. Rd1 Qe6 27. Bg3 Nd7 28. Bd3 a5 29. Bc4 Qf6 30. Bd5 Kh8 31. Rc1 Qd6 32. Nd4 Ndb8 33. Nxc6 Nxc6 34. Bxe5 Qg6 35. Bf4 Ne7 36. Rxc8 Nxc8 37. Qe5 Bd7 38. Kh2 Kh7 39. Qc7 Be6 40. Bxe6 Qxe6 41. f3 a4 42. bxa4 Qxa2 43. Qxc8 b3 44. Qc4 f6 45. Be3 Qb1 46. Bd4 h5 47. Bc3 Qc2 48. Qd4 Qc1 49. e5 Qg5 50. h4 1-0

[Event "North Bay int U2200"]
[Site "North Bay CAN"]
[Date "1998.08.05"]
[Round "2"]
[White "Zambo, Victor"]
[Black "Gagnon, Fabien"]
[Result "1-0"]
[WhiteElo "2025"]
[BlackElo "2071"]
[PlyCount "89"]
[GameId "2160767911806802"]
[EventDate "1998.08.04"]
[EventType "swiss"]
[EventRounds "9"]
[EventCountry "CAN"]

1. e4 c5 2. Nc3 a6 3. g3 b5 4. Bg2 Bb7 5. d3 e6 6. f4 g6 7. Be3 d6 8. Nf3 Bg7 9. Qd2 Nc6 10. O-O Nd4 11. Rae1 Ne7 12. Qf2 Nxf3+ 13. Bxf3 b4 14. Nd1 Qc7 15. c3 bxc3 16. bxc3 Rc8 17. Bd2 O-O 18. Ne3 f5 19. exf5 exf5 20. Bxb7 Qxb7 21. Nc4 Rcd8 22. Qe2 Nc8 23. Rb1 Qd5 24. Rfe1 Rf7 25. Qe6 Qxe6 26. Rxe6 Kf8 27. Rb8 Rfd7 28. Ra8 Kf7 29. Re1 Na7 30. Nxd6+ Kg8 31. Rxd8+ Rxd8 32. Re8+ Rxe8 33. Nxe8 Bf8 34. Nf6+ Kg7 35. Nd7 Bd6 36. a4 Nc6 37. Be3 c4 38. d4 Na5 39. Kf2 Kf7 40. d5 Ke7 41. Ne5 g5 42. Kf3 gxf4 43. gxf4 Ba3 44. Bb6 Nb7 45. Nxc4 1-0

[Event "North Bay int U2200"]
[Site "North Bay CAN"]
[Date "1998.08.06"]
[Round "3"]
[White "Gagnon, Fabien"]
[Black "Nagy, Julius"]
[Result "1/2-1/2"]
[WhiteElo "2071"]
[BlackElo "1915"]
[PlyCount "45"]
[GameId "2160767911806803"]
[EventDate "1998.08.04"]
[EventType "swiss"]
[EventRounds "9"]
[EventCountry "CAN"]

1. e4 c5 2. Nf3 e6 3. d4 cxd4 4. Nxd4 Nc6 5. g3 Nf6 6. Bg2 d6 7. O-O e5 8. Ne2 Be7 9. c4 b6 10. Nbc3 Bb7 11. Bg5 O-O 12. Qd2 Na5 13. b3 Ne8 14. Bxe7 Qxe7 15. Rfd1 Rd8 16. Nd5 Bxd5 17. Qxd5 Nc7 18. Qd2 Nb7 19. b4 Ne6 20. Rac1 Rc8 21. Rc2 Rfd8 22. Bh3 Ng5 23. Bg2 1/2-1/2

[Event "North Bay int U2200"]
[Site "North Bay CAN"]
[Date "1998.08.06"]
[Round "4"]
[White "Demmery, Steve"]
[Black "Gagnon, Fabien"]
[Result "1-0"]
[WhiteElo "2015"]
[BlackElo "2071"]
[PlyCount "95"]
[GameId "2160767911806804"]
[EventDate "1998.08.04"]
[EventType "swiss"]
[EventRounds "9"]
[EventCountry "CAN"]

1. d4 g6 2. c4 Bg7 3. Nc3 Nf6 4. g3 c6 5. Bg2 O-O 6. e4 d6 7. Nge2 Nbd7 8. O-O e5 9. d5 Nb6 10. b3 c5 11. h3 a6 12. Be3 Bd7 13. Qd2 Nc8 14. a4 b6 15. f4 Rb8 16. fxe5 Ne8 17. exd6 Ncxd6 18. Bh6 f6 19. Bxg7 Kxg7 20. Qf4 Nf7 21. Kh2 Ne5 22. Ng1 Nd6 23. Nf3 Qe7 24. Nxe5 fxe5 25. Qe3 Rfc8 26. Rf2 b5 27. axb5 axb5 28. Bf1 bxc4 29. bxc4 Rb3 30. Rc2 Nxe4 31. Qxe4 Bf5 32. Qe2 Bxc2 33. Qxc2 Rcb8 34. Nb5 Rf3 35. Bg2 Rf7 36. Ra7 Qf6 37. Rxf7+ Qxf7 38. d6 h5 39. Qe4 Qf6 40. Qc6 Rf8 41. Qxc5 h4 42. Qe3 hxg3+ 43. Qxg3 Rc8 44. Bd5 Qf5 45. Nc7 Qc2+ 46. Qg2 Qc1 47. Ne6+ Kh8 48. Qf2 1-0

[Event "North Bay int U2200"]
[Site "North Bay CAN"]
[Date "1998.08.07"]
[Round "5"]
[White "Gagnon, Fabien"]
[Black "Oaker, William"]
[Result "0-1"]
[WhiteElo "2071"]
[BlackElo "2031"]
[PlyCount "62"]
[GameId "2160767911806805"]
[EventDate "1998.08.04"]
[EventType "swiss"]
[EventRounds "9"]
[EventCountry "CAN"]

1. e4 d5 2. exd5 Nf6 3. Nf3 Nxd5 4. d4 g6 5. c3 Bg7 6. h3 O-O 7. Bc4 Nc6 8. O-O Bf5 9. Re1 Bxb1 10. Rxb1 Nb6 11. Bb5 Nb8 12. Bd3 N8d7 13. Bg5 Nf6 14. Qd2 Nbd7 15. Bh6 c5 16. Bxg7 Kxg7 17. Rbd1 cxd4 18. cxd4 Nb6 19. Be4 Nxe4 20. Rxe4 e6 21. Rh4 Rh8 22. Qh6+ Kg8 23. Ne5 Nd5 24. Rd3 Qf8 25. Qd2 Qe7 26. Re4 Kg7 27. Rf3 Rhf8 28. Ng4 f5 29. Qh6+ Kg8 30. Ne5 fxe4 31. Nxg6 Qg7 0-1

[Event "North Bay int U2200"]
[Site "North Bay CAN"]
[Date "1998.08.07"]
[Round "6"]
[White "Takov, Chris"]
[Black "Gagnon, Fabien"]
[Result "0-1"]
[WhiteElo "1902"]
[BlackElo "2071"]
[PlyCount "62"]
[GameId "2160767911806806"]
[EventDate "1998.08.04"]
[EventType "swiss"]
[EventRounds "9"]
[EventCountry "CAN"]

1. Nf3 Nf6 2. c4 g6 3. g3 Bg7 4. Bg2 O-O 5. Nc3 c5 6. b3 d5 7. e3 Ne4 8. Bb2 dxc4 9. Nxe4 Bxb2 10. Rb1 Bg7 11. bxc4 Na6 12. a3 Qd3 13. Nfg5 h6 14. Rb3 Qxc4 15. d3 Qa4 16. Nh3 c4 17. dxc4 Qxc4 18. Nd2 Bc3 19. Qc2 Bxd2+ 20. Kxd2 Rd8+ 21. Kc1 Qxc2+ 22. Kxc2 Nc5 23. Rb4 Bf5+ 24. e4 Bxh3 25. Bxh3 b6 26. a4 Nd3 27. Kb3 Nxf2 28. Bg2 Nxh1 29. Bxh1 Rd1 30. Bg2 Rad8 31. Rb5 R1d3+ 0-1

[Event "North Bay int U2200"]
[Site "North Bay CAN"]
[Date "1998.08.08"]
[Round "7"]
[White "Gagnon, Fabien"]
[Black "Blair, David"]
[Result "1-0"]
[WhiteElo "2071"]
[BlackElo "2074"]
[PlyCount "24"]
[GameId "2160767911806807"]
[EventDate "1998.08.04"]
[EventType "swiss"]
[EventRounds "9"]
[EventCountry "CAN"]

1. e4 Nf6 2. d3 d5 3. Nd2 dxe4 4. dxe4 e5 5. Ngf3 Bc5 6. Bb5+ c6 7. Be2 Bxf2+ 8. Kxf2 Ng4+ 9. Kg3 h5 10. h4 f5 11. exf5 e4 12. Nxe4 Qc7+ 1-0

[Event "North Bay int.U2000"]
[Site "North Bay CAN"]
[Date "1998.08.06"]
[Round "1"]
[White "Barankin, Garry"]
[Black "Veltmann, Martin"]
[Result "1/2-1/2"]
[WhiteElo "2002"]
[BlackElo "2105"]
[PlyCount "79"]
[GameId "2160767911806808"]
[EventDate "1998.08.04"]
[EventType "swiss"]
[EventRounds "8"]
[EventCountry "CAN"]

1. e4 c5 2. Nc3 e6 3. g3 Nc6 4. Bg2 d6 5. Nge2 g6 6. d3 Bg7 7. Be3 Nge7 8. Qd2 Nd4 9. O-O O-O 10. Rae1 Nxe2+ 11. Qxe2 Nc6 12. Qd2 Bd7 13. Bh6 a6 14. Bxg7 Kxg7 15. Nd1 e5 16. Ne3 f6 17. f4 Ne7 18. f5 g5 19. Bf3 Be8 20. Qg2 Bf7 21. Qh3 Rh8 22. Bh5 Bxh5 23. Qxh5 Qe8 24. Qxe8 Rhxe8 25. a4 Red8 26. c4 Rdb8 27. Ra1 b6 28. Rfb1 Ra7 29. b3 h5 30. h3 Kf7 31. Kf2 Ke8 32. Ra2 Kd7 33. Rab2 b5 34. Ke2 Rab7 35. axb5 axb5 36. Kd2 Ra7 37. Kc3 b4+ 38. Kc2 Ke8 39. Kc1 Kf7 40. Kd2 1/2-1/2

[Event "North Bay int.U2000"]
[Site "North Bay CAN"]
[Date "1998.08.06"]
[Round "2"]
[White "Veltmann, Martin"]
[Black "Buscar, Michael"]
[Result "1-0"]
[WhiteElo "2105"]
[BlackElo "1992"]
[PlyCount "159"]
[GameId "2160767911806809"]
[EventDate "1998.08.04"]
[EventType "swiss"]
[EventRounds "8"]
[EventCountry "CAN"]

1. c4 c5 2. Nc3 Nc6 3. Nf3 g6 4. g3 Bg7 5. Bg2 e6 6. e3 Nge7 7. O-O O-O 8. d4 cxd4 9. Nxd4 Nxd4 10. exd4 d5 11. cxd5 Nxd5 12. Nxd5 exd5 13. Re1 Be6 14. Be3 Qd7 15. Qb3 Rac8 16. Rac1 Rfd8 17. h4 h5 18. Kh2 Rc6 19. Rxc6 Qxc6 20. Rc1 Qd7 21. Rc3 a6 22. Qc2 Bf5 23. Qc1 Qa4 24. Ra3 Qd7 25. Rc3 Qa4 26. Ra3 Qd7 27. Ra5 Rc8 28. Rc5 Rxc5 29. Qxc5 Be6 30. Qb6 Kh7 31. b3 Qc6 32. Qxc6 bxc6 33. Bf1 Bc8 34. Kg2 Kg8 35. Be2 Kf8 36. Kf1 Ke7 37. Ke1 Kd7 38. Kd2 Kc7 39. f3 f5 40. Bf4+ Kb6 41. Be5 Bh6+ 42. f4 Bf8 43. Kc3 a5 44. Bf6 Bb4+ 45. Kb2 Ba6 46. Bf3 Be1 47. Bd8+ Kb7 48. Be7 Bxg3 49. Bg5 Kc7 50. Kc3 Bb5 51. a4 Be1+ 52. Kc2 Ba6 53. Bd1 Bb4 54. Bf3 Kd7 55. Kd1 c5 56. dxc5 Bxc5 57. Kd2 d4 58. Bg2 Bb4+ 59. Kd1 d3 60. Bf6 Bd6 61. Bg5 Be7 62. Bxe7 Kxe7 63. Bc6 Ke6 64. Kd2 Ke7 65. Bd5 Kf6 66. Bc4 Bxc4 67. bxc4 Ke6 68. Kxd3 Kd6 69. Kd4 Kc6 70. c5 Kc7 71. Kd5 Kd7 72. c6+ Kc7 73. Kc5 Kc8 74. Kd6 g5 75. fxg5 f4 76. g6 f3 77. g7 Kb8 78. g8=Q+ Ka7 79. Qf7+ Ka6 80. Qb7# 1-0

[Event "North Bay int.U2000"]
[Site "North Bay CAN"]
[Date "1998.08.07"]
[Round "3"]
[White "Veltmann, Martin"]
[Black "Furstner, Nandor"]
[Result "0-1"]
[WhiteElo "2105"]
[BlackElo "2147"]
[PlyCount "82"]
[GameId "2160767911806810"]
[EventDate "1998.08.04"]
[EventType "swiss"]
[EventRounds "8"]
[EventCountry "CAN"]

1. c4 Nf6 2. Nc3 g6 3. e4 d6 4. d4 Bg7 5. f3 O-O 6. Be3 Nbd7 7. Qd2 e5 8. d5 Nb6 9. Bd3 Nh5 10. O-O-O f5 11. Nge2 f4 12. Bf2 Bd7 13. Kb1 c6 14. dxc6 bxc6 15. c5 d5 16. cxb6 Be6 17. Bc5 Rf7 18. bxa7 Qa5 19. Nb5 Qxd2 20. Rxd2 cxb5 21. Bxb5 d4 22. Bc6 Raxa7 23. Bxa7 Rxa7 24. b3 Bf8 25. Bd5 Bxd5 26. exd5 Nf6 27. Rc1 Nxd5 28. Rc8 Kf7 29. Rd1 Ba3 30. g3 Ne3 31. Rh1 d3 32. Nc3 Rd7 33. Nd1 g5 34. Ra8 Bc5 35. gxf4 gxf4 36. Ra6 Nxd1 37. Rxd1 e4 38. Ra5 e3 39. Rxd3 Rxd3 40. Kc2 Rd2+ 41. Kc1 Bb4 0-1

[Event "North Bay int.U2000"]
[Site "North Bay CAN"]
[Date "1998.08.07"]
[Round "4"]
[White "Ceterski, Tom"]
[Black "Veltmann, Martin"]
[Result "1-0"]
[WhiteElo "2011"]
[BlackElo "2105"]
[PlyCount "51"]
[GameId "2160767911806811"]
[EventDate "1998.08.04"]
[EventType "swiss"]
[EventRounds "8"]
[EventCountry "CAN"]

1. d4 Nf6 2. c4 g6 3. Nc3 Bg7 4. e4 O-O 5. f4 d6 6. Nf3 c5 7. d5 e6 8. Be2 exd5 9. cxd5 Re8 10. e5 dxe5 11. fxe5 Ng4 12. Bg5 Qb6 13. O-O Qxb2 14. Nb5 Nxe5 15. Nc7 Nxf3+ 16. Bxf3 Qxa1 17. Qxa1 Bxa1 18. Rxa1 Bd7 19. Nxa8 Na6 20. d6 Rxa8 21. Bxb7 Rb8 22. Bxa6 Rb6 23. Bc4 Rxd6 24. Be3 Bf5 25. Re1 Rc6 26. Rc1 1-0

[Event "North Bay int.U2000"]
[Site "North Bay CAN"]
[Date "1998.08.08"]
[Round "5"]
[White "Veltmann, Martin"]
[Black "Takov, Chris"]
[Result "1-0"]
[WhiteElo "2105"]
[BlackElo "1902"]
[PlyCount "63"]
[GameId "2160767911806812"]
[EventDate "1998.08.04"]
[EventType "swiss"]
[EventRounds "8"]
[EventCountry "CAN"]

1. c4 b6 2. Nc3 Bb7 3. d4 e6 4. Nf3 Bxf3 5. gxf3 c5 6. d5 exd5 7. cxd5 d6 8. e4 a6 9. a4 Nf6 10. Bg2 g6 11. O-O Bg7 12. f4 O-O 13. Re1 Nbd7 14. e5 dxe5 15. fxe5 Nh5 16. e6 fxe6 17. dxe6 Ne5 18. e7 Qxe7 19. Bxa8 Rxa8 20. Qd5+ Kf8 21. Qxa8+ Kf7 22. Qd5+ Kf8 23. Bh6 Bxh6 24. Qxe5 Qd7 25. Qh8+ Kf7 26. Qa8 Nf4 27. Qf3 Qf5 28. Kh1 Kg7 29. Rad1 g5 30. Qb7+ Kg6 31. Qe4 g4 32. Rd6+ 1-0

[Event "North Bay int.U2000"]
[Site "North Bay CAN"]
[Date "1998.08.08"]
[Round "6"]
[White "Demmery, Steve"]
[Black "Veltmann, Martin"]
[Result "1-0"]
[WhiteElo "2015"]
[BlackElo "2105"]
[PlyCount "82"]
[GameId "2160767911806813"]
[EventDate "1998.08.04"]
[EventType "swiss"]
[EventRounds "8"]
[EventCountry "CAN"]

1. d4 Nf6 2. c4 g6 3. Nc3 Bg7 4. g3 O-O 5. Bg2 d6 6. e3 Nbd7 7. Nge2 e5 8. O-O c6 9. Rb1 Ng4 10. b4 f5 11. a4 e4 12. Nf4 Ndf6 13. c5 d5 14. h3 Nh6 15. h4 Nf7 16. Re1 g5 17. hxg5 Nxg5 18. Kf1 Ne6 19. Nce2 Ng5 20. Nc3 a6 21. Ke2 b6 22. Ba3 Rf7 23. Qd2 a5 24. b5 bxc5 25. Bxc5 Nf3 26. Bxf3 exf3+ 27. Kxf3 Ne4 28. Qc2 Nxc5 29. dxc5 d4 30. exd4 Qxd4 31. Re8+ Rf8 32. Rxf8+ Kxf8 33. Nce2 Qe5 34. b6 Ba6 35. Rd1 Re8 36. Nd4 Kg8 37. Qxf5 Qe7 38. Qe6+ Qxe6 39. Ndxe6 Be5 40. Rd8 Kf7 41. Rxe8 Kxe8 1-0

[Event "North Bay int.U2000"]
[Site "North Bay CAN"]
[Date "1998.08.09"]
[Round "7"]
[White "Veltmann, Martin"]
[Black "Chu, Stefanie"]
[Result "1-0"]
[WhiteElo "2105"]
[BlackElo "2035"]
[PlyCount "55"]
[GameId "2160767911806814"]
[EventDate "1998.08.04"]
[EventType "swiss"]
[EventRounds "8"]
[EventCountry "CAN"]

1. c4 Nf6 2. Nc3 g6 3. e4 d6 4. d4 Bg7 5. f3 O-O 6. Be3 c6 7. Qd2 a6 8. h4 b5 9. Nh3 e6 10. O-O-O Nbd7 11. Nf2 Nb6 12. Bh6 Nxc4 13. Bxc4 bxc4 14. Bxg7 Kxg7 15. h5 Qe7 16. hxg6 fxg6 17. e5 dxe5 18. dxe5 Nd5 19. Qh6+ Kg8 20. Nce4 Ra7 21. Ng4 Rf7 22. Nef6+ Kh8 23. Qxg6 Qf8 24. Rh2 c3 25. Rdh1 cxb2+ 26. Kb1 Nc3+ 27. Kxb2 Rfb7+ 28. Kc2 1-0

[Event "North Bay int.U2000"]
[Site "North Bay CAN"]
[Date "1998.08.09"]
[Round "8"]
[White "Evans, Bill"]
[Black "Veltmann, Martin"]
[Result "1/2-1/2"]
[WhiteElo "2160"]
[BlackElo "2105"]
[PlyCount "31"]
[GameId "2160767911806815"]
[EventDate "1998.08.04"]
[EventType "swiss"]
[EventRounds "8"]
[EventCountry "CAN"]

1. d4 Nf6 2. c4 e6 3. a3 d5 4. Nf3 Be7 5. Nc3 O-O 6. Bf4 c5 7. e3 Nc6 8. Bd3 dxc4 9. Bxc4 a6 10. dxc5 Bxc5 11. Qc2 Bd7 12. Rd1 Rc8 13. O-O Be7 14. Ba2 Qa5 15. Bb1 g6 16. h3 1/2-1/2

[Event "Northern Alberta U16"]
[Site "Edmonton CAN"]
[Date "1998.10.16"]
[Round "1"]
[White "Kazakevich, Anastasia"]
[Black "Haynes, Nicolas"]
[Result "1/2-1/2"]
[WhiteElo "1530"]
[BlackElo "1580"]
[PlyCount "86"]
[GameId "2160767911806231"]
[EventDate "1998.10.16"]
[EventType "tourn"]
[EventRounds "3"]
[EventCountry "CAN"]
[SourceTitle "Albertabase"]
[SourceDate "2003.08.17"]
[SourceVersion "1"]
[SourceVersionDate "2003.08.17"]
[SourceQuality "1"]

1. d4 d5 2. c4 dxc4 3. Nc3 c5 4. e3 Nc6 5. Nf3 e6 6. Bxc4 Nf6 7. O-O Be7 8. dxc5 O-O 9. a3 Bxc5 10. b4 Be7 11. Bb2 b6 12. Qxd8 Rxd8 13. Rfd1 Bb7 14. Rxd8+ Rxd8 15. Rd1 Rc8 16. Bb3 h5 17. Nd4 Rd8 18. Nxc6 Rxd1+ 19. Nxd1 Bxc6 20. Nc3 a6 21. f3 Kf8 22. Kf2 Ke8 23. Ke2 Kd7 24. Kd3 g6 25. Ne2 Bb5+ 26. Bc4 Bxc4+ 27. Kxc4 Kc6 28. Bd4 Nd5 29. Nc3 b5+ 30. Kb3 Nxc3 31. Kxc3 f6 32. e4 e5 33. Be3 g5 34. g3 Kd7 35. h3 Ke6 36. Kd3 Kf7 37. g4 h4 38. Kc3 Ke6 39. Kb3 Kd6 40. Bc5+ Kd7 41. Bxe7 Kxe7 42. a4 Kd6 43. axb5 axb5 1/2-1/2

[Event "Northern Alberta U16"]
[Site "Edmonton CAN"]
[Date "1998.10.17"]
[Round "2"]
[White "Kazakevich, Anastasia"]
[Black "Olson, Erik"]
[Result "1/2-1/2"]
[WhiteElo "1530"]
[BlackElo "1599"]
[PlyCount "87"]
[GameId "2160767911806232"]
[EventDate "1998.10.16"]
[EventType "tourn"]
[EventRounds "3"]
[EventCountry "CAN"]
[SourceTitle "Albertabase"]
[SourceDate "2003.08.17"]
[SourceVersion "1"]
[SourceVersionDate "2003.08.17"]
[SourceQuality "1"]

1. d4 d5 2. c4 Nf6 3. Nc3 e6 4. Nf3 Bb4 5. a3 Bxc3+ 6. bxc3 O-O 7. Bf4 dxc4 8. e3 b5 9. Ne5 Bb7 10. a4 a6 11. Bg5 c5 12. f3 cxd4 13. exd4 Nc6 14. Ng4 Re8 15. Nxf6+ gxf6 16. Bh6 Ne7 17. Be2 Nf5 18. Qd2 e5 19. dxe5 Qxd2+ 20. Bxd2 fxe5 21. O-O Rad8 22. Bg5 Rd6 23. Rad1 Rxd1 24. Rxd1 Kg7 25. Rb1 f6 26. Bd2 Nd6 27. Be3 Rc8 28. Bc1 bxa4 29. Ba3 Nb5 30. Bb4 Kg6 31. Bd1 e4 32. fxe4 Bxe4 33. Ra1 a3 34. Ba4 Rd8 35. Bxb5 axb5 36. Bxa3 Bc2 37. g3 Rd1+ 38. Rxd1 Bxd1 39. h4 h5 40. Kf2 Kf5 41. Bb4 Kg4 42. Be7 f5 43. Bg5 Bc2 44. Bc1 1/2-1/2

[Event "Northern Alberta U16"]
[Site "Edmonton CAN"]
[Date "1998.10.18"]
[Round "3"]
[White "Ramirez, Camilo"]
[Black "Kazakevich, Anastasia"]
[Result "0-1"]
[WhiteElo "1170"]
[BlackElo "1530"]
[PlyCount "80"]
[GameId "2160767911806233"]
[EventDate "1998.10.16"]
[EventType "tourn"]
[EventRounds "3"]
[EventCountry "CAN"]
[SourceTitle "Albertabase"]
[SourceDate "2003.08.17"]
[SourceVersion "1"]
[SourceVersionDate "2003.08.17"]
[SourceQuality "1"]

1. e4 d5 2. Bd3 dxe4 3. Bxe4 Nf6 4. Bd3 Bg4 5. Nf3 Nc6 6. O-O Ne5 7. Qe2 Nxd3 8. Qxd3 Qxd3 9. cxd3 Bxf3 10. gxf3 O-O-O 11. b3 Rxd3 12. Kg2 e6 13. Re1 Bc5 14. Ba3 Bxa3 15. Nxa3 Rxd2 16. Rec1 Rhd8 17. Nb5 c6 18. Nxa7+ Kb8 19. Nxc6+ bxc6 20. Rxc6 R8d6 21. Rc4 Nd5 22. a4 Ne3+ 23. Kg3 Nxc4 24. bxc4 Rc2 25. a5 Rxc4 26. a6 Ka7 27. h4 Rxa6 28. Rxa6+ Kxa6 29. f4 f5 30. f3 Kb5 31. Kh3 Rc3 32. Kg3 Kc4 33. Kg2 h5 34. Kg3 Kd3 35. Kg2 Ke2 36. Kg3 Rxf3+ 37. Kg2 Ke3 38. Kh1 Rg3 39. Kh2 Kf2 40. Kh1 Rh3# 0-1

[Event "Northern Alberta U20"]
[Site "Edmonton CAN"]
[Date "1998.09.26"]
[Round "1"]
[White "Kazakevich, Anastasia"]
[Black "Olson, Hans"]
[Result "0-1"]
[WhiteElo "1548"]
[BlackElo "1832"]
[PlyCount "108"]
[GameId "2160767911806325"]
[EventDate "1998.09.26"]
[EventType "swiss"]
[EventRounds "4"]
[EventCountry "CAN"]
[SourceTitle "Albertabase"]
[SourceDate "2003.08.17"]
[SourceVersion "1"]
[SourceVersionDate "2003.08.17"]
[SourceQuality "1"]

1. d4 d5 2. c4 dxc4 3. Nc3 e6 4. Nf3 Nf6 5. Bg5 Be7 6. e4 O-O 7. Bxc4 b6 8. O-O Bb7 9. e5 Nfd7 10. Bxe7 Qxe7 11. Rc1 c6 12. a4 Na6 13. Qb3 Nc7 14. Qa2 Nd5 15. Nxd5 cxd5 16. Bd3 Rac8 17. a5 Qb4 18. axb6 Qxb6 19. Rc3 Rxc3 20. bxc3 Qc7 21. Rc1 Rb8 22. c4 dxc4 23. Rxc4 Qb6 24. Rc1 Bxf3 25. gxf3 Qxd4 26. Qe2 Nxe5 27. Qe4 Qxd3 28. Qxe5 Rd8 29. Qe4 Qxe4 30. fxe4 g6 31. Ra1 Ra8 32. Kf1 Kg7 33. Ke2 Kf6 34. f4 a5 35. h4 e5 36. fxe5+ Kxe5 37. Ke3 a4 38. Ra3 f5 39. exf5 gxf5 40. Kf3 Ra5 41. Ke3 h5 42. Kf3 f4 43. Kf2 Ke4 44. Ke2 Ra6 45. Kf2 f3 46. Kf1 Kd4 47. Kf2 Kc4 48. Kxf3 Kb4 49. Ra1 Kb3 50. Kf4 a3 51. Kg5 Ra5+ 52. Kh6 a2 53. Kg6 Kb2 54. Rxa2+ Kxa2 0-1

[Event "Northern Alberta U20"]
[Site "Edmonton CAN"]
[Date "1998.09.26"]
[Round "2"]
[White "Ryan, Jeff"]
[Black "Kazakevich, Anastasia"]
[Result "0-1"]
[WhiteElo "1105"]
[BlackElo "1548"]
[PlyCount "106"]
[GameId "2160767911806326"]
[EventDate "1998.09.26"]
[EventType "swiss"]
[EventRounds "4"]
[EventCountry "CAN"]
[SourceTitle "Albertabase"]
[SourceDate "2003.08.17"]
[SourceVersion "1"]
[SourceVersionDate "2003.08.17"]
[SourceQuality "1"]

1. e4 d5 2. e5 Nc6 3. Nf3 Bg4 4. Be2 e6 5. d4 Be7 6. Nc3 f6 7. Bf4 g5 8. Bg3 h5 9. h4 Qd7 10. Qd2 O-O-O 11. O-O-O Bb4 12. exf6 Nxf6 13. Qd3 Bf5 14. Qe3 g4 15. Ne5 Nxe5 16. Bxe5 Ne4 17. Nxe4 Bxe4 18. Bxh8 Rxh8 19. Bd3 Bxg2 20. Qe5 Rf8 21. Rhg1 Bf3 22. Be2 Bd6 23. Qxh5 Bxe2 24. Rde1 Bf3 25. Rg3 Bxg3 26. fxg3 Qf7 27. Qxf7 Rxf7 28. Rxe6 Kd7 29. Rh6 Ke7 30. Rh8 a5 31. h5 b6 32. h6 Kf6 33. Ra8 Kg6 34. Kd2 Re7 35. Ra7 Kxh6 36. b3 Kg6 37. c4 dxc4 38. bxc4 Rd7 39. Kc3 Kf6 40. c5 Ke6 41. cxb6 cxb6 42. Rxd7 Kxd7 43. Kc4 Kc6 44. a4 Bd1 45. d5+ Kd6 46. Kb5 Kxd5 47. Kxb6 Bxa4 48. Kxa5 Ke4 49. Kxa4 Kf3 50. Kb3 Kxg3 51. Kc2 Kf2 52. Kd1 g3 53. Kd2 g2 0-1

[Event "Northern Alberta U20"]
[Site "Edmonton CAN"]
[Date "1998.09.27"]
[Round "3"]
[White "Kazakevich, Anastasia"]
[Black "Shefer, Dmitry"]
[Result "0-1"]
[WhiteElo "1848"]
[BlackElo "1548"]
[PlyCount "74"]
[GameId "2160767911806327"]
[EventDate "1998.09.26"]
[EventType "swiss"]
[EventRounds "4"]
[EventCountry "CAN"]
[SourceTitle "Albertabase"]
[SourceDate "2003.08.17"]
[SourceVersion "1"]
[SourceVersionDate "2003.08.17"]
[SourceQuality "1"]

1. d4 Nf6 2. c4 c5 3. e3 e6 4. Nf3 d5 5. dxc5 Bxc5 6. Nc3 O-O 7. Bd3 Nc6 8. a3 b6 9. Qc2 Bb7 10. Bd2 d4 11. exd4 Nxd4 12. Nxd4 Bxd4 13. f3 Rc8 14. h4 Ba6 15. Qb3 Bf2+ 16. Kxf2 Qxd3 17. Rhd1 Bxc4 18. Qa4 Qd4+ 19. Kg3 Qe5+ 20. Kf2 Nh5 21. Be3 Nf4 22. Bxf4 Qxf4 23. g3 Qf6 24. Qc2 Bd5 25. Qd3 Rfd8 26. Nxd5 Rxd5 27. Qe2 Rdc5 28. Rd2 h6 29. Kg1 Qg6 30. Qf2 Rc1+ 31. Rxc1 Rxc1+ 32. Kg2 Rc4 33. Qe3 Rxh4 34. Kf2 Rh2+ 35. Ke1 Qb1+ 36. Rd1 Rh1+ 37. Kf2 Qxd1 0-1

[Event "Northern Alberta U20"]
[Site "Edmonton CAN"]
[Date "1998.09.27"]
[Round "4"]
[White "Kazakevich, Anastasia"]
[Black "Olson, Erik"]
[Result "0-1"]
[WhiteElo "1548"]
[BlackElo "1493"]
[PlyCount "67"]
[GameId "2160767911806328"]
[EventDate "1998.09.26"]
[EventType "swiss"]
[EventRounds "4"]
[EventCountry "CAN"]
[SourceTitle "Albertabase"]
[SourceDate "2003.08.17"]
[SourceVersion "1"]
[SourceVersionDate "2003.08.17"]
[SourceQuality "1"]

1. d4 d5 2. c4 dxc4 3. Nc3 e6 4. Nf3 Nf6 5. e3 Be7 6. Bxc4 b6 7. O-O O-O 8. Re1 Bb7 9. e4 Bb4 10. Bg5 h6 11. Bh4 Be7 12. a3 Nh7 13. Bxe7 Qxe7 14. Qd3 Nd7 15. Nd1 Rfd8 16. Ne3 c5 17. Rad1 e5 18. d5 a6 19. a4 Ng5 20. Ng4 h5 21. d6 Nxf3+ 22. Qxf3 Qf8 23. Ne3 Nf6 24. Qf5 Rxd6 25. Qxe5 Re8 26. Qxd6 Qxd6 27. Rxd6 Bxe4 28. Rxb6 Bd5 29. h3 Bxc4 30. Nxc4 Re4 31. b3 Rxe1+ 32. Kh2 Rb1 33. Na5 Rb2 34. f3 0-1

[Event "Nova Scotia Closed"]
[Site "Halifax CAN"]
[Date "1998.04.25"]
[Round "1"]
[White "Charlton, Glenn"]
[Black "Saunders, Stephen"]
[Result "1/2-1/2"]
[WhiteElo "2152"]
[BlackElo "2022"]
[PlyCount "37"]
[GameId "2160767911873452"]
[EventDate "1998.04.24"]
[EventType "swiss"]
[EventRounds "5"]
[EventCountry "CAN"]
[SourceTitle "EXT 2002"]
[Source "ChessBase"]
[SourceDate "2001.11.25"]
[SourceVersion "1"]
[SourceVersionDate "2001.11.25"]
[SourceQuality "1"]

1. e4 c5 2. Nc3 Nc6 3. Nf3 e5 4. Bc4 Be7 5. Nd5 d6 6. d3 h6 7. Nd2 Nf6 8. O-O Nxd5 9. Bxd5 O-O 10. Bxc6 bxc6 11. Nc4 Bg5 12. Bxg5 hxg5 13. Qd2 Re8 14. Qa5 Qxa5 15. Nxa5 Bd7 16. Rae1 Rab8 17. Nc4 Re6 18. b3 f6 19. f3 1/2-1/2

[Event "Nova Scotia Closed"]
[Site "Halifax CAN"]
[Date "1998.04.25"]
[Round "1"]
[White "Kenney, Jason"]
[Black "Davies, Cedric"]
[Result "0-1"]
[WhiteElo "1817"]
[BlackElo "2049"]
[PlyCount "62"]
[GameId "2160767911873453"]
[EventDate "1998.04.24"]
[EventType "swiss"]
[EventRounds "5"]
[EventCountry "CAN"]

1. e4 c6 2. d4 d5 3. exd5 cxd5 4. c4 Nf6 5. Nc3 Nc6 6. Nf3 Bg4 7. cxd5 Nxd5 8. Bc4 e6 9. O-O Be7 10. Be3 O-O 11. a3 Bf6 12. Ne4 Nb6 13. Nxf6+ Qxf6 14. Be2 h6 15. Qd2 Rfd8 16. Rfd1 Rd7 17. Rac1 Rad8 18. Rxc6 bxc6 19. Ne5 Qxe5 20. Bxg4 Qf6 21. Qc2 Rc8 22. Bf3 Nd5 23. Bc1 Ne7 24. b4 Nf5 25. d5 exd5 26. Bb2 Qg5 27. Rxd5 Rxd5 28. Bxd5 Nh4 29. g3 Qxd5 30. gxh4 Rd8 31. Qc3 Qd1+ 0-1